000 00681nam a2200241Ia 4500
003 OSt
005 20220918105608.0
006 a|||||r|||| 00| 0
007 ta
008 220915b |||||||| |||| 00| 0 eng d
024 _a72047
037 _cReference Collections
040 _aARTS
_cARTS
_beng
041 _2eng
_aeng
082 _aR3xM06:g, N8-;1(RR)
100 _aSkorupski John Ed.
_92519
245 0 _aCambridge companion to Mill
260 _aCambridge
_bCambridge uni. press
_c1998
300 _axiii,591p.
650 _aPHILOSOPHY
942 _hR3xM06:g, N8-;1(RR)
_cREF
999 _c108339
_d108339